000 01174nam a2200265Ia 4500
003 OSt
005 20220923211303.0
006 a|||||r|||| 00| 0
007 ta
008 220922b |||||||| |||| 00| 0 hin d
020 _a9788179171479 (hbk)
_c950
024 _a283,444
037 _b27, 02/02/2015, P. K. Books
_cTextual
040 _aARTS
_cARTS
_bhin
041 _2hin
_ahin
082 _aXM2, 152Q4
100 _aरणधीर सिंह; गुप्ता, जीतेंद्र, अनु.
_9160166
245 0 _aपारिस्थितिकी संकट और समाजवाद का भविष्य
_b मार्क्सवादी दृष्टिकोण
246 _aPāristhitikī sankaṭ aur samājavād kā bhaviṣhya: mārksavādī dṛuṣhṭikoṇa
260 _aनई दिल्ली
_b ग्रंथ शिल्पी
_c2014
300 _a195पृ.
_ccm.
650 _aअर्थशास्त्र
942 _hXM2, 152Q4
_cTEXL
_2CC
999 _c298136
_d298136